| 000 | 00380 a2200157 4500 | ||
|---|---|---|---|
| 001 | 63882 | ||
| 020 | _a9788524913709 (broch.) | ||
| 040 | _cAnchieta - Pituba | ||
| 100 | _aRezende, Renato C. | ||
| 240 | 1 | 0 |
_aLíngua como prática social _l |
| 245 | 1 | 0 | _aLíngua como prática social |
| 300 | _a280p. | ||
| 362 | 0 | _a2008 | |
| 650 | 4 | _aSociologia e Antropologia | |
| 942 | _cBK | ||
| 999 |
_c63882 _d63882 |
||